000 00507nmm a2200145Ia 4500
008 251105s9999||||xx |||||||||||||||||und||
041 _aspa
100 _aMiñano Martínez, Evelio
245 0 _aLes amours tràgiques de Pyrame et Thisbé/Los amores trágicos de Piramo y Tisbe
264 _a[Madrid, España] :
_bPublicaciones de la Universidad de Valencia (PUV),
_c2020
300 _a200 páginas
650 _aFrench theater
856 _uhttps://public.digitaliapublishing.com/a/65273
942 _cCF
999 _c106816
_d106816